000 00221 a2200097 4500
001 13774
100 _aDorell
245 _aSchool Geometry & Trigonometry
260 _aLondon
_bG Bell and Sons Ltd
_c
090 _c10764
_d10764
942 _aNUST-CAE
_c
_c852
999 _c248847
_d248847